[Event "TCh-RUS HL 2021"]
[Site "Sochi RUS"]
[Date "2021.05.02"]
[Round "2.1"]
[Board "1"]
[White "Belyakov, Bogdan"]
[Black "Lysyj, Igor"]
[Result "0-1"]
[WhiteTitle "IM"]
[BlackTitle "GM"]
[WhiteElo "2459"]
[BlackElo "2606"]
[WhiteTeam "Yamal-1 (YANAO)"]
[BlackTeam "South Ural (Chelyabinsk region)"]
[WhiteFideId "24104795"]
[BlackFideId "4150120"]
[EventDate "2021.05.01"]

1. e4 e5 2. Nf3 Nc6 3. Bc4 Bc5 4. c3 Nf6 5. d4 exd4 6. b4 Bb6 7. e5 d5 8. exf6
dxc4 9. Qe2+ Be6 10. b5 Na5 11. fxg7 Rg8 12. Nxd4 Bxd4 13. cxd4 Qd5 14. f3 O-O-O
15. Nc3 Qxd4 16. Bb2 Qxg7 17. O-O Bh3 18. Rf2 Qxg2+ 19. Rxg2 Rxg2+ 20. Qxg2 Bxg2
21. Re1 Bxf3 22. Re7 Rd2 23. Ba3 Rd7 24. Re8+ Rd8 25. Re5 Bg4 26. Re4 Be6 27.
Rh4 Bf5 28. Bb4 b6 29. Bxa5 bxa5 30. Rxc4 Rd2 31. Ra4 Rc2 32. Nd5 Be6 33. Ne7+
Kb7 34. a3 Kb6 35. Rh4 Kxb5 36. Rxh7 c5 37. h4 Ra2 38. Rh5 Rxa3 39. Nd5 a4 40.
Nc7+ Kc6 41. Nxe6 fxe6 42. Kg2 Ra2+ 43. Kg3 Ra1 44. Re5 a3 45. Rxe6+ Kb5 46. Kh2
a2 47. Re2 Rh1+ 48. Kxh1 a1=Q+ 49. Kg2 Qd4 0-1

[Event "TCh-RUS HL 2021"]
[Site "Sochi RUS"]
[Date "2021.05.02"]
[Round "2.3"]
[Board "4"]
[White "Zhelnin, Vladimir V"]
[Black "Manelyuk, Daniil"]
[Result "0-1"]
[WhiteTitle "IM"]
[BlackTitle "FM"]
[WhiteElo "2408"]
[BlackElo "2343"]
[WhiteTeam "Russian national team among veterans"]
[BlackTeam "Tula region"]
[WhiteFideId "4105567"]
[BlackFideId "44173920"]
[EventDate "2021.05.01"]

1. e4 e6 2. d4 d5 3. Nc3 Bb4 4. Ne2 Nf6 5. Bg5 dxe4 6. a3 Be7 7. Bxf6 Bxf6 8.
Nxe4 O-O 9. Qd3 Nd7 10. g3 c5 11. Bg2 cxd4 12. Nxf6+ Nxf6 13. Qxd4 e5 14. Qc5
Bg4 15. Nc3 Qd4 16. Qb5 a6 17. Qd3 Rad8 18. Qe3 Qc4 19. h3 Bf5 20. Rc1 h5 21.
Qe2 Qc8 22. O-O Bxh3 23. Qxe5 Bxg2 24. Kxg2 h4 25. gxh4 Rfe8 26. Qf4 Re6 27.
Rcd1 Rde8 28. Rd4 Nh5 29. Qf3 Rg6+ 30. Kh1 Re5 31. Rg1 Rf5 32. Qd3 Qc6+ 33. Qe4
Rxg1+ 34. Kxg1 Qg6+ 35. Qg2 Qe6 36. Re4 Qd7 37. Rg4 g6 38. Qe4 Nf6 39. Qg2 Nxg4
40. Qxg4 Qd2 41. Ne4 Qc1+ 42. Kg2 Qxb2 43. Nd6 Rf6 44. Qc8+ Kh7 45. Ne4 Rf4 46.
Ng5+ Kg7 47. Qc7 Rf6 48. Ne4 Rc6 49. Qf4 Qd4 50. c3 Qd5 51. f3 Qf5 52. Qb8 Rb6
53. a4 Qd7 54. Qe5+ f6 55. Qf4 Rb2+ 56. Kg3 Qe7 57. Qc1 Re2 58. Qg1 Qe5+ 59. Kh3
Qf4 60. Qg3 Qc1 61. Qc7+ Kh6 62. Ng3 Re8 63. h5 Qe3 64. Qxb7 Qe6+ 65. Kg2 gxh5
66. Qb4 Qe5 67. f4 Qd5+ 68. Kh3 Qf3 69. Qd6 Qg4+ 70. Kh2 Qh4+ 71. Kg2 Rg8 72. f5
a5 73. Kf2 Qxg3+ 74. Qxg3 Rxg3 75. Kxg3 Kg5 76. c4 Kxf5 77. Kh4 Ke5 78. Kxh5 Kd4
79. Kg6 Kxc4 0-1

[Event "TCh-RUS HL 2021"]
[Site "Sochi RUS"]
[Date "2021.05.02"]
[Round "2.4"]
[Board "1"]
[White "Mokshanov, Alexey"]
[Black "Bryakin, Mikhail"]
[Result "1-0"]
[WhiteTitle "IM"]
[BlackTitle "IM"]
[WhiteElo "2434"]
[BlackElo "2471"]
[WhiteTeam "Zhiguli (Samara region)"]
[BlackTeam "Northern character (Moscow)"]
[WhiteFideId "24121657"]
[BlackFideId "4165314"]
[EventDate "2021.05.01"]

1. e4 c5 2. Nf3 g6 3. c3 Nf6 4. e5 Nd5 5. d4 cxd4 6. Qxd4 Nc7 7. Qh4 h6 8. Bc4
Bg7 9. O-O Nc6 10. Re1 b5 11. Bb3 Ne6 12. Nbd2 Qc7 13. a4 Rb8 14. axb5 Nxe5 15.
Nxe5 Bxe5 16. Bxe6 dxe6 17. Nf3 Bf6 18. Qa4 Qd7 19. c4 Bb7 20. Qxa7 O-O 21. Bxh6
Rfc8 22. Rad1 Qe8 23. b3 Bxf3 24. gxf3 Bc3 25. Re3 Bb4 26. Red3 Bd6 27. Qe3 Rc5
28. Bf4 e5 29. Bg3 f5 30. Qh6 Kf7 31. Rxd6 exd6 32. Rxd6 Qg8 33. Bh4 Rc7 34.
Rf6+ Ke8 35. Rxg6 Qf8 36. Re6+ Kd7 37. Re7+ Qxe7 38. Bxe7 Kxe7 39. Qg7+ Kd6 40.
Qf6+ Kd7 41. Qxf5+ Kd6 42. Qf6+ Kd7 43. Qf7+ Kd6 44. Qd5+ Ke7 45. Qxe5+ Kd7 46.
Kf1 Rb6 47. h4 Re6 48. Qf5 Rc8 49. c5 Re8 50. Qd5+ Kc7 51. b6+ Kb8 52. c6 Rxc6
53. Qd7 Rc1+ 54. Kg2 Rg8+ 55. Kh2 Ra1 56. Qc7+ Ka8 57. b7+ 1-0

[Event "TCh-RUS HL 2021"]
[Site "Sochi RUS"]
[Date "2021.05.09"]
[Round "8.3"]
[Board "3"]
[White "Utnasunov, Alexander"]
[Black "Kalegin, Evgenij"]
[Result "1/2-1/2"]
[BlackTitle "IM"]
[WhiteElo "2442"]
[BlackElo "2414"]
[WhiteTeam "Stavropol region"]
[BlackTeam "Russian national team among veterans"]
[WhiteFideId "4134524"]
[BlackFideId "4103416"]
[EventDate "2021.05.01"]

1. d4 Nf6 2. c4 g6 3. Nc3 Bg7 4. e4 d6 5. f3 c6 6. Be3 a6 7. a4 a5 8. Bd3 Na6 9.
Rc1 O-O 10. Nge2 e5 11. d5 Nd7 12. O-O Ndc5 13. Bb1 Qb6 14. dxc6 bxc6 15. Qxd6
Rb8 16. Rfd1 Re8 17. Ba2 Bf8 18. Qf6 Nb4 19. Bb1 Qc7 20. Nd5 cxd5 21. cxd5 Nd7
22. Qxf7+ Kxf7 23. Rxc7 Na6 24. Ra7 Bc5 25. Bxc5 Nxc5 26. Ba2 Nxa4 27. Rxa5 Rxb2
28. Rxa4 Rxe2 29. Ra7 Rb2 30. Rc1 Rb7 31. d6+ Kf6 32. Rxb7 Bxb7 33. Rc7 Bc8 34.
h4 g5 35. h5 g4 36. fxg4 Rd8 37. Kf2 Ba6 38. Kg3 Bb5 39. Kh4 h6 40. Bd5 Rb8 41.
Rc2 Rb6 42. Rf2+ Kg7 43. g5 hxg5+ 44. Kxg5 Rxd6 45. g4 Bd3 46. h6+ Kh8 47. Rf3
Be2 48. Rf7 Bd1 49. Kf5 Rf6+ 50. Rxf6 Bxg4+ 51. Kxg4 Nxf6+ 52. Kf5 Nxe4 53. Kxe4 1/2-1/2